[Event "Madrid-ch U10"]
[Site "Madrid"]
[Date "2021.04.17"]
[Round "2"]
[White "Torres Rebolledo, Alvaro"]
[Black "San Vicente Crespo, Pablo"]
[Result "0-1"]
[WhiteElo "1367"]
[BlackElo "1177"]
[PlyCount "106"]
[EventDate "2021.04.17"]
[EventType "swiss"]
[EventRounds "5"]
[EventCountry "ESP"]
[SourceTitle "EXT 2023"]
[Source "ChessBase"]
[SourceDate "2022.10.05"]
[SourceVersion "1"]
[SourceVersionDate "2022.10.05"]
[SourceQuality "1"]

1. e4 c5 2. d4 cxd4 3. c3 dxc3 4. Nxc3 Nc6 5. Nf3 e6 6. Bc4 Nf6 7. 0-0 Qc7 8. Nb5 Qb8 9. e5 Nxe5 10. Bf4 d6 11. Bxe5 dxe5 12. Rc1 Bd7 13. Bxe6 Bxb5 14. Rc8+ Qxc8 15. Bxc8 Rxc8 16. Re1 e4 17. Ne5 Be7 18. Qb3 0-0 19. Qxb5 Rc5 20. Qxb7 Rxe5 21. f4 Bc5+ 22. Kh1 Re7 23. Qb5 Bb6 24. Qb4 Rfe8 25. h3 Re6 26. Qc4 Ng4 27. a4 Nf2+ 28. Kh2 Nd3 29. f5 Re5 30. Re2 h6 31. Rxe4 Rxe4 32. Qxd3 Bc7+ 33. Kg1 Re1+ 34. Kf2 Bb6+ 35. Kf3 R8e3+ 36. Qxe3 Rxe3+ 37. Kf4 Rb3 38. g4 Rxb2 39. h4 Rb4+ 40. Kg3 Rxa4 41. f6 gxf6 42. g5 fxg5 43. hxg5 hxg5 44. Kg2 Rb4 45. Kf1 a5 46. Ke2 Bd8 47. Kd3 a4 48. Kc3 Be7 49. Kd3 a3 50. Kd2 a2 51. Kc2 a1Q 52. Kd2 Qa2+ 53. Kd3 Qa3+ 0-1

[Event "ESP-ch U10"]
[Site "Salobrena"]
[Date "2020.07.24"]
[Round "7"]
[White "Bonillo Laso, Judith"]
[Black "San Vicente Crespo, Pablo"]
[Result "1/2-1/2"]
[WhiteElo "1162"]
[BlackElo "1293"]
[PlyCount "109"]
[EventDate "2020.07.20"]
[EventType "swiss"]
[EventRounds "9"]
[EventCountry "ESP"]
[SourceTitle "EXT 2021"]
[Source "ChessBase"]
[SourceDate "2020.10.23"]
[SourceVersion "1"]
[SourceVersionDate "2020.10.23"]
[SourceQuality "1"]

1. e4 c5 2. Nc3 Nc6 3. f4 e6 4. Bb5 Nge7 5. Nf3 d5 6. exd5 Nxd5 7. Nxd5 exd5 8. Bxc6+ bxc6 9. 0-0 Be7 10. d4 0-0 11. Be3 cxd4 12. Nxd4 Ba6 13. Nxc6 Qc7 14. Nxe7+ Qxe7 15. Rf3 Rfd8 16. Bd4 Re8 17. Rg3 g6 18. Bc3 Qc5+ 19. Kh1 Re2 20. h3 Qf2 21. Qd4 Qxd4 22. Bxd4 Rxc2 23. Rg5 Rd2 24. Rxd5 Rc8 25. Ra5 Rxd4 26. Rxa6 Rxf4 27. Rxa7 Rc2 28. Ra8+ Kg7 29. Rb8 Rff2 30. Rg1 f5 31. a4 Rxb2 32. Rxb2 Rxb2 33. Ra1 h5 34. a5 Rb8 35. a6 Ra8 36. a7 f4 37. Kg1 Kf6 38. Kf2 Kg5 39. Kf3 Kh4 40. Ra4 Kg5 41. h4+ Kxh4 42. Kxf4 g5+ 43. Kf3+ g4+ 44. Kf2 Rf8+ 45. Kg1 Ra8 46. Kh2 Kg5 47. Kg3 h4+ 48. Kh2 h3 49. gxh3 gxh3 50. Kxh3 Kf6 51. Kg4 Ke6 52. Kf4 Kd6 53. Ke4 Kc6 54. Ke5 Kb7 55. Kd6 1/2-1/2

[Event "ESP-ch U10"]
[Site "Salobrena"]
[Date "2020.07.21"]
[Round "3"]
[White "Antonanzas Fernandez, Mario"]
[Black "San Vicente Crespo, Pablo"]
[Result "1-0"]
[WhiteElo "1049"]
[BlackElo "1293"]
[PlyCount "117"]
[EventDate "2020.07.20"]
[EventType "swiss"]
[EventRounds "9"]
[EventCountry "ESP"]
[SourceTitle "EXT 2021"]
[Source "ChessBase"]
[SourceDate "2020.10.23"]
[SourceVersion "1"]
[SourceVersionDate "2020.10.23"]
[SourceQuality "1"]

1. d4 Nf6 2. Nf3 g6 3. e3 Bg7 4. Bd3 d6 5. h3 Nbd7 6. b3 c5 7. Bb2 Nd5 8. c4 Nb4 9. Be2 Nf6 10. a3 Nc6 11. dxc5 dxc5 12. Qxd8+ Nxd8 13. 0-0 0-0 14. b4 cxb4 15. axb4 Bf5 16. Na3 Nc6 17. Bc3 Rfd8 18. b5 Nb8 19. Nh4 Bd3 20. Rfd1 Ne4 21. Bxg7 Bxe2 22. Rxd8+ Kxg7 23. f3 Nd6 24. c5 Nxb5 25. Nxb5 Bxb5 26. Rb1 Bc6 27. f4 a5 28. Nf3 a4 29. Ne5 Be4 30. Ra1 Bf5 31. Nc4 a3 32. Nb6 Ra6 33. Rxb8 a2 34. Ra8 Rxa8 35. Nxa8 Bb1 36. Nc7 Kf6 37. Nd5+ Ke6 38. Nc3 Kd7 39. Nxb1 axb1Q+ 40. Rxb1 Kc6 41. g4 h5 42. gxh5 gxh5 43. Kg2 h4 44. Kf3 f5 45. e4 e6 46. Rb6+ Kd7 47. Rxb7+ Kc6 48. Re7 Kxc5 49. Rxe6 fxe4+ 50. Rxe4 Kd5 51. f5 Kd6 52. f6 Kc6 53. f7 Kd7 54. f8Q Kc6 55. Qd8 Kc5 56. Re7 Kc6 57. Rc7+ Kb6 58. Qb8+ Ka6 59. Ra7# 1-0